000 00678nam a2200241Ia 4500
003 OSt
005 20220928102203.0
006 a|||||r|||| 00| 0
007 ta
008 220927b |||||||| |||| 00| 0 eng d
024 _a25001
037 _cTextual
040 _aSDCL
_cSDCL
_beng
041 _2eng
_aeng
082 _aO15,1M901,1, J6
100 _aVidhyamartand Co.
_9397017
245 0 _aAmrit - manthan.
260 _aBanaras
_bChaukhamba Vidhyabhawan
_c1956
300 _a146p
_ccm.
700 _a Shastri Mangaldev Co.
_9397018
942 _hO15,1M901,1, J6
_cTEXL
_2CC
999 _c712786
_d712786